| 000 | 00929 a2200265 4500 | ||
|---|---|---|---|
| 005 | 20160826110357.0 | ||
| 008 | 160826s2006 cl ||||fr|||| 001 0 spa d | ||
| 020 | _a956272672X (4a.Ed.) | ||
| 040 |
_aCO-BoUCM _bspa _cSaul Niño _dSaul Niño |
||
| 041 | 0 | _aspa | |
| 100 | 1 |
_aMiranda, Mercedes _979215 |
|
| 245 | 1 | 0 |
_aAmar como Dios ama _cMercedes Miranda |
| 246 | 3 | 0 | _aLa terrible crisis global es el reflejo de la dureza de los corazones que no han querido vivir los maravillosos diez mandamientos |
| 250 | _a4a edición | ||
| 260 |
_aSantiago de Chile (Chile) _bCadena del amor _c2006 |
||
| 300 | _a424 páginas | ||
| 500 | _aIncluye índice | ||
| 650 | 7 |
_910610 _aCatolicismo |
|
| 650 | 7 |
_918895 _aMandamientos de Dios |
|
| 650 | 0 |
_950402 _aDios |
|
| 650 | 7 |
_98917 _aAmor |
|
| 690 | 0 |
_aFilosofía de la religión _915775 |
|
| 942 |
_cLIBRO _2DEWEY _a4 _e4 _h200.8 _mM672am |
||
| 999 |
_c304375 _d304375 |
||